[Event "United Insurance 6th"]
[Site "Dhaka"]
[Date "2003.03.18"]
[Round "11"]
[White "Magem Badals, Jordi"]
[Black "Reefat, Bin Sattar"]
[Result "1/2-1/2"]
[WhiteElo "2493"]
[BlackElo "2451"]
[Annotator "Ribli,Z"]
[PlyCount "88"]
[EventDate "2003.03.08"]
[EventType "tourn"]
[EventRounds "13"]
[EventCountry "BAN"]
[EventCategory "9"]
[SourceTitle "CBM 095"]
[Source "ChessBase"]
[SourceDate "2003.07.25"]
[SourceVersion "1"]
[SourceVersionDate "2003.07.25"]
[SourceQuality "1"]

1. e4 c5 2. Nf3 Nc6 3. d4 cxd4 4. Nxd4 Qc7 5. Nc3 {Das ist die gewoehnliche
Fortsetzung, aber 5.Nb5 und 5.c4 kommt auch in Betracht.} e6 6. Be3 a6 7. Qd2
Nf6 8. O-O-O Bb4 9. f3 Ne7 10. Nde2 d5 11. a3 Ba5 (11... Bc5 12. exd5 Nfxd5 13.
Nxd5 exd5 14. Bxc5 Qxc5 15. Nf4 Bf5 16. g4 Bd7 17. Nxd5 {1-0 Fressinet,
L-Tregubov,P/Halkidiki 2002/CBM 92 no vc (66)}) 12. b4 {Mit diesem Zug befreit
sich Weiss von der Fesselung des c3-Springers, aber im folgenden wird die
weisse Koenigsstellung anfällig. Nach meiner Meinung bietet die Alternative 12.
Bg5 Weiss mehr Chancen auf Eroeffnungsvorteil.} (12. Bg5 dxe4 13. Bxf6 gxf6 14.
Qh6 f5 15. Qf6 Ng6 16. fxe4 f4 (16... Qe5 17. Qxe5 Nxe5 18. exf5 Ng4 19. Re1
Bb6 20. Nd1 Nf2 21. Nxf2 Bxf2 22. Rd1 exf5 23. g3 {1-0 Shirov,A-Lutz,C/
Dortmund 2002/CBM 90 (69)}) 17. g3 Bd7 (17... fxg3 18. hxg3 Bd7 (18... Qe5 $5)
19. Rh5 Bxc3 20. Nxc3 Qxg3 21. Kb1 Qf4 22. Qd4 Bc6 23. Bc4 Qc7 24. Qg7 Rd8 25.
Bxe6 Rxd1+ 26. Nxd1 Qe7 27. Bf5 Qe5 28. Bd7+ {1-0 Tischbierek,R-Jansa,V/
Germany 2003/CBM95_01/[Ribli Zoltan] (28)}) 18. gxf4 Bxc3 19. bxc3 Qd8 20.
Qxd8+ Rxd8 21. Rg1 Ke7 {1/2-1/2 Korneev,O-Graf,A/Lanzarote ESP 2003/(51)})
12... Bb6 13. Bxb6 Qxb6 14. exd5 (14. e5 Nd7 15. f4 {Wir haben eine Stellung,
die mich an die Franzoesische Verteidigung erinnert.} f6 16. exf6 Nxf6 17. Nd4
O-O 18. Nb3 Nf5 19. Bd3 Nd6 20. Rhe1 Qc7 21. g3 Re8 22. Re2 Bd7 23. Rde1 a5 $5
$13 {0-1 Vokarev,S-Kotsur,P/Dubai 2002/CBM 87 ext (38)}) 14... exd5 $13 {
In solchen Stellungen sagen wir witzigerweise, dass beide Spieler schlecht
stehen: Weiss hat eine geschwaechte Koenigsstellung und Schwarz einen
isolierten Bauern auf d5.} (14... Nexd5 15. Nxd5 Nxd5 16. c4 Qc7 (16... Ne3 17.
c5 Nxf1 18. Rhxf1 Qc7 19. Qd6 $14) 17. Qd4 (17. Nc3 Nxc3 18. Qxc3 O-O $11)
17... O-O 18. Kb2 Nf6 19. Nc3 $14 {[%cal Gd1d6]}) 15. Qd4 Qc7 (15... Qxd4 16.
Nxd4 $14) 16. Qf4 Qc6 {Schwarz muss die Damen auf dem Brett behalten.} (16...
Qxf4+ 17. Nxf4 $14) 17. Kb2 Be6 (17... O-O) 18. Nd4 {[%csl Gd4]} Qd7 19. h4 Rc8
20. Re1 (20. h5 $13) 20... O-O 21. Bd3 Rc7 22. h5 Rfc8 {[%csl Gc7,Gc8][%cal
Rc8c3] Schwarz kontrolliert stark die halboffene c-Linie.} 23. Nce2 h6 {
Schwarz muss sich gegen 24.h6 verteidigen.} 24. g4 $14 {Weiss kontrolliert die
wichtigsten zentralen Felder und seine Angriffchancen am Koenigsfluegel nehmen
Konturen an.} Nh7 25. Qe3 Nc6 26. Nxc6 $6 {Gewoehnlich mann tauscht nicht den
sogenannte schlechte Laufer (auf e6), aber das waere hier die bessere
Moeglichkeit fuer Weiss.} (26. Nxe6 $1 fxe6 (26... Qxe6 27. Qxe6 fxe6 28. Nf4
$16 {[%csl Re6]}) 27. Nf4 (27. Bxh7+ $4 Kxh7 28. Nf4 $2 Nxb4 $19) 27... e5 (
27... Ng5 28. Nxe6 d4 29. Qe2 (29. Nc5 dxe3 30. Nxd7 Rxd7 31. Bf5 Nd4 32. Bxd7
Rxc2+ 33. Kb1 e2 $36) 29... Re8 30. Bc4 $16 (30. Bf5 $16)) 28. Bxh7+ Kxh7 29.
Qd3+ $16) 26... Qxc6 27. Qd4 $6 (27. Nd4 Qc3+ $132) (27. Bxh7+ Kxh7 28. Nd4 $14
) 27... Ng5 $132 {[%csl Gg5] Der frueher passive Springer kommt stark ins
Spiel - ein Bauer haengt auf f3 und im folgenden kann Schwarz seinen Springer
nach e6 fuehren.} 28. Rhf1 Bd7 {[%cal Gg5e6,Ge6d4][%mdl 32]} 29. Nf4 Qa4 {
[%csl Ga4,Rc2][%cal Gc8c2]} 30. Rf2 (30. Re2) 30... Ne6 (30... Nxf3 $2 31. Rxf3
Rxc2+ 32. Bxc2 $18 {[%cal Gf3a3]}) 31. Nxe6 fxe6 (31... Bxe6) 32. g5 $13 {
Schwarz hat eine gefaehrliche Initiative am Damenfluegel, so dass Weiss einen
Bauern opfert, um Linien am Koenigsfluegel zu oeffnen.} Bb5 (32... hxg5 33. Rg2
$44) 33. Ra1 {[%cal Ga1a3][%mdl 256] Weiss verteidigt vorher den a3-Bauern im
Falle von eventuell Rc3.} (33. gxh6 $2 Bxd3 34. Qxd3 Rc3 35. Qxc3 (35. Qg6
Qxa3+ 36. Kb1 Qxb4+ 37. Kc1 Rxc2+ $19) 35... Rxc3 36. Kxc3 Qxa3+ 37. Kd2 Qxb4+
$19) (33. Bg6 $5) 33... hxg5 (33... Bxd3 34. Qxd3 Rc3 35. Qg6 $36) 34. h6 Bxd3
(34... gxh6 $5 $17) 35. Qxd3 Qb5 {Schwarz moechte die beste weisse Figur, die
aktive Dame, tauschen.} 36. Qe3 (36. Qxb5 axb5 $17) (36. h7+ Kh8 37. Qxb5 axb5
38. Re1 $15) 36... Qc4 (36... Qc6 37. hxg7 $13) 37. Qxe6+ Kh7 38. Rd1 Qc3+ 39.
Kb1 $6 {Mit diesem Zug (in Zeitnot?) lässt Weiss den a3-Bauern unverteidigt.} (
39. Ka2 Qf6 (39... gxh6 40. Rxd5 $132) 40. Qxf6 gxf6 41. Kb2 Kxh6 42. Rxd5 $11)
39... Qxa3 40. hxg7 Qxb4+ $15 41. Kc1 Qa3+ 42. Kb1 Qb4+ 43. Kc1 Qf4+ 44. Kb1
Qb4+ {Schwarz gibt Dauerschach, aber er konnte gut weiterspielen.} (44... Kxg7
45. Rxd5 (45. Qxd5 Rf8 $15) 45... Rh8 $15) 1/2-1/2

[Event "Riga zt"]
[Site "Riga"]
[Date "1995.??.??"]
[Round "5"]
[White "Zapolskis, Antanas J"]
[Black "Miezis, Normunds"]
[Result "1-0"]
[WhiteElo "2360"]
[BlackElo "2435"]
[Annotator "Ribli,Z"]
[PlyCount "61"]
[EventDate "1995.03.??"]
[EventType "tourn"]
[EventRounds "13"]
[EventCountry "LAT"]
[EventCategory "10"]
[SourceTitle "CBM 047"]
[Source "ChessBase"]
[SourceDate "1995.08.01"]
[SourceVersion "1"]
[SourceVersionDate "1995.08.01"]
[SourceQuality "1"]

1. e4 {Baburin} c5 2. Nf3 e6 3. d4 cxd4 4. Nxd4 a6 5. Nc3 Qc7 6. Bd3 Nc6 7. Be3
Nf6 8. O-O Bd6 9. h3 Bf4 (9... Bh2+ $6 {Nur zur Tempoverlust fuehrt.} 10. Kh1
Bf4 11. Bxf4 $1 (11. Qc1 $6 Bxe3 12. Qxe3 Qb6 13. Nf5 Qxe3 14. Nxe3 b5 $10 {
Anand,V-Portisch,L/Brussels Swift 25'/1992/EXP29/}) 11... Qxf4 12. Nde2 Qc7 13.
f4 $14) 10. Bxf4 (10. Qd2 Bxe3 11. Qxe3 Qb6 12. Nce2 d6 13. Qg3 O-O 14. Nxc6
Qxc6 15. Qh4 b5 16. Ng3 Bb7 $10 {Rublevsky,S-Ionov,S/St.Petersburg op/1994/
CBM41/}) 10... Qxf4 11. Nde2 (11. Nxc6 dxc6 12. a4 Qc7 $1 13. a5 e5 14. Qd2 Be6
$10 {Topalov,V-Lautier,J/Madrid/1993/INF58,(221)/CBM36/}) 11... Qc7 12. f4 d6
13. Kh1 Bd7 {Warum nicht >= 13...b5 /\ Bb7,0-0 ?} 14. a3 Ne7 $6 15. Qe1 O-O-O
$2 {Wer Wind saet, wird Sturm ernten.} 16. b4 $1 {Man sieht schon jetzt genau,
dass Weiss schneller kommt. Baburin: Here we have an example of attack on
opposite flanks, where the Black King is on the Q-side and White's King is on
the K-side. But the ideas and principles are the same. Here the pawn is badly
placed on a6, since it a natural target.} h5 17. Rb1 Rdg8 18. b5 {Baburin: If
the a-pawn would be on a7 it would be much more difficult for White to open
files and develop his initiative on the Q-side.} a5 {[#]} (18... axb5 19. Nxb5
Bxb5 20. Rxb5 $16 {Droht /\ Qf2,Rfb1 >< b7.}) 19. b6 $1 {Nun kommt der weisse
Angriff ins Rollen.} Qc5 20. Nb5 $1 Nc6 (20... Qxb6 21. e5 $1 dxe5 22. fxe5 $18
) 21. Nec3 {Droht /\ Na4 mit Damengewinn.} d5 22. e5 Ne8 23. Na4 Qe7 24. Na7+
Kd8 (24... Nxa7 25. bxa7 Nc7 26. Nb6+ Kd8 27. Qxa5 $18) (24... Kb8 25. Nxc6+
Bxc6 26. Qxa5 g5 27. Nc5 $18) 25. Qc3 d4 $2 {Der Partiezug ermoeglicht eine
kleine aber huebsche Kombination.} (25... Nb8 26. Nc5 $18) 26. Qxc6 $1 Bxc6 (
26... bxc6 27. b7 $18) 27. Nxc6+ bxc6 28. b7 Qxa3 29. b8=Q+ Ke7 30. Qa7+ Kf8
31. Rb7 {Baburin: The position of black Rooks is quite spectacular!} 1-0

[Event "ESP-chT"]
[Site "Sanxenxo"]
[Date "2004.11.21"]
[Round "4"]
[White "Perez Candelario, Manuel"]
[Black "Damljanovic, Branko"]
[Result "1-0"]
[WhiteElo "2474"]
[BlackElo "2578"]
[Annotator "Ribli,Z"]
[PlyCount "151"]
[EventDate "2004.11.18"]
[EventType "team"]
[EventRounds "9"]
[EventCountry "ESP"]
[SourceTitle "CBM 105"]
[Source "ChessBase"]
[SourceDate "2005.04.11"]
[SourceVersion "1"]
[SourceVersionDate "2005.04.11"]
[SourceQuality "1"]

1. e4 c5 2. Nf3 Nc6 3. d4 cxd4 4. Nxd4 e6 5. Nc3 Qc7 6. Be3 a6 7. Qd2 Nf6 8.
O-O-O {Diese Variante mit 6.Be3, 7.Qd2 und 8.0-0-0 ist besonders populär in
der letzten Zeit. Im Folgenden sehen wir einen konkreten taktische Kampf mit
scharfem Spiel.} Bb4 9. f3 Ne5 10. Nb3 b5 11. Qe1 {Das ist eine chancenreiche
Fortsetzung für Weiß - die Alternativen sind 11.Bd4 und 11.Kb1. Nach dem
Textzug ist die konkrete weiße Drohung 12.Nxb5.} Be7 12. f4 $1 (12. Kb1 d6 13.
Qf2 Rb8 14. g4 b4 15. Ne2 a5 16. g5 Nfd7 17. Nbd4 Nc4 18. Bc1 Qc5 19. Qg1 Ndb6
20. Ng3 Bd7 {1/2-1/2 Balogh,C-Portisch,L/Miskolc HUN 2004/(26)}) (12. Qg3 d6
13. Qxg7 Rg8 14. Qh6 b4 15. Nb1 Bd7 16. Nd4 Qa5 17. g4 Rg6 18. Qh3 h6 19. Qg3
Qxa2 20. h3 Rc8 $40 {0-1 Sharma,D-Kunte,A/Calcutta IND 2004/(26)}) 12... Nc4
13. e5 Ng4 14. Bd4 f5 (14... Bb7 15. Bd3 f5 16. h3 Nh6 17. Rg1 Rc8 18. g4 (18.
Qf2 $5 $14) 18... b4 19. Na4 Bf3 20. gxf5 Nxf5 21. Bxf5 exf5 22. Nac5 Bxd1 23.
Qxd1 $44 {1-0 Karjakin,S-Grabliauskas,V/Dos Hermanas 2004/CBM 99 ext (55)}) 15.
h3 Nh6 16. Qf2 $5 {[%cal Gf2a7]} Rb8 {Das ist die schwarze Verbesserung -
jetzt wäre 17.Bxc4 schlechter für Weiß.} (16... Bb7 17. Bxc4 $5 bxc4 (17...
Qxc4 18. Bc5 $5 $14 {[%csl Rc4,Yd6]}) 18. Bb6 Qc8 (18... Qc6 19. Na5 $16 Qxg2
20. Qd4 Bc8 21. Bc5 Bxc5 22. Qxc5 {1-0 Grischuk,A-Geller,J/Sochi 2004/CBM 101/
[Ribli] (27)}) 19. Na5 $16 Bb4 20. Qd4 Bxc3 21. Qxc3 Bd5 22. Qb4 Rb8 23. c3 Nf7
24. Rhg1 Nd8 25. a4 Nc6 26. Nxc6 Qxc6 27. a5 {1/2-1/2 Fluvia Poyatos,
J-Javakhishvili,L/ Barcelona ESP 2004/ (50)}) 17. Ba7 (17. Bxc4 $6 bxc4 $132)
17... Rb7 18. Bc5 $1 {[%mdl 32] Es ist eine gute Idee die schwarzfeldrigen
Läufer zu tauschen.} Bxc5 19. Nxc5 $14 {[%csl Gc5,Yd6] Weiß hat
offensichtlichen positionellen Druck, die schwarzen Felder sind schwach in der
schwarze Stellung und der h6N steht weit vom Hauptkriegsschauplatz..} (19. Qxc5
Qxc5 20. Nxc5 Rc7 21. b4 $14) 19... Rb6 20. Bxc4 bxc4 21. N3a4 {[%csl Ga4,Gc5]
Die weißen Springer paralysieren den schwarzen Damenflügel.} Rc6 (21... Rb5 22.
Qd4 $16) 22. Qd4 {[%csl Rc4] Alles kommt mit Tempo für Weiß, Schwarz verliert
seinen c-Bauern.} Nf7 23. Qxc4 O-O 24. Rd2 {[%cal Gh1d1,Gd1d8] Weiß möchte die
Türme auf der d-Linie verdoppeln.} d6 {Das ist die einzigste Gegenchance für
Schwarz; er muss die weiße Bauernkette sprengen.} 25. exd6 Nxd6 26. Qd4 Ne4 $1
{Nach diesem Zug bekommt Schwarz ein wenig Aktivität.} (26... Nf7 27. Rhd1 $16)
27. Nxe4 fxe4 {[%cal Gc7c1,Gf8f4,Gc7f4] Die schwarze Stellung ist positionell
schwach, er hat aber kleine Gegenchancen - der f4P ist schwach und Schwarz hat
Druck auf der c-Linie.} 28. Nc3 (28. Qxe4 $6 Rxf4 (28... Rc4 29. Rd4 $16) 29.
Rd8+ Kf7 (29... Qxd8 30. Qxf4 $16) 30. Qd3 Rxc2+ (30... Rxa4 31. Rf1+ Ke7 32.
Rg8 $18) 31. Qxc2 Qxd8 $132) 28... Rc4 (28... Qxf4 29. Qxe4 Qc7 30. Re1 $16)
29. Qe3 Qxf4 30. Re1 {Schwarz hat das materielle Gleichgewicht, aber die weiße
Bauernstruktur ist gesund und die schwarzen Bauern auf der e-Linie sind sehr
schwach.} Qxe3 31. Rxe3 {[%csl Re4]} Rf1+ 32. Nd1 (32. Rd1) 32... Bb7 33. b3
Rc5 (33... Rc8 34. Kb2 $14) 34. Rd8+ Rf8 35. Rxf8+ Kxf8 36. Kd2 {[%mdl 4096]}
Ke7 37. Nf2 Re5 38. g4 h5 39. Rc3 Kd6 40. Ke3 $16 {[%csl Rb7,Gc3,Ge3,Re5] Alle
weißen Figuren stehen sehr aktiv, der König blockiert den e4-Bauern; der
schwarze Turm und der Läufer haben keine Aktivität.} hxg4 41. hxg4 Ra5 42. a4
Rg5 43. Rc4 Rg6 44. Nxe4+ Bxe4 45. Rxe4 {Normalerweise hat der Verteidiger im
Turmendspiel mit Minusbauern Rettungchancen, hier aber hat Weiß eine so
gesunde Stellung, dass er seinen Vorteil ganz sicher verwerten kann.} Rh6 46.
b4 (46. Rb4 $16) 46... e5 47. Rc4 Rh3+ 48. Ke4 Rg3 49. Kf5 Rf3+ 50. Kg5 (50.
Kg6 $2 Rf4 $17) 50... Rf8 51. b5 Kd5 52. Rc7 axb5 53. axb5 e4 54. b6 (54. Re7
$16) 54... Rb8 55. c4+ Kd4 56. b7 e3 57. Re7 Kxc4 58. Rxe3 Rxb7 59. Kg6 Kd4 60.
Re1 {[%csl Rd4,Ge1][%cal Ge1e8] Schwarz hat materielles Gleichgewicht im
Turmendspiel, aber sein König steht sehr weit weg vom Hauptkriegsschauplatz.}
Kd5 61. g5 Kd6 62. Kh7 Ra7 63. g6 Rb7 64. Kg8 Ra7 65. Kf8 Rb7 66. Rf1 $18 {
[%csl Rg7][%cal Rf1f7,Rf7g7]} Ke6 67. Rf7 Rb1 68. Kxg7 Rg1 69. Rf2 Ke7 70. Re2+
Kd8 71. Kf7 Rf1+ 72. Kg8 Rg1 73. g7 Rf1 74. Re5 Kd7 75. Kh7 Rg1 76. g8=Q 1-0

[Event "Riga zt"]
[Site "Riga"]
[Date "1995.??.??"]
[Round "10"]
[White "Kulaots, Kaido"]
[Black "Miezis, Normunds"]
[Result "1/2-1/2"]
[WhiteElo "2410"]
[BlackElo "2435"]
[Annotator "Ribli,Z"]
[PlyCount "103"]
[EventDate "1995.03.??"]
[EventType "tourn"]
[EventRounds "13"]
[EventCountry "LAT"]
[EventCategory "10"]
[SourceTitle "CBM 047"]
[Source "ChessBase"]
[SourceDate "1995.08.01"]
[SourceVersion "1"]
[SourceVersionDate "1995.08.01"]
[SourceQuality "1"]

1. e4 c5 2. Nf3 e6 3. d4 cxd4 4. Nxd4 a6 5. Nc3 Qc7 6. Bd3 Nc6 7. Be3 Nf6 8.
O-O h5 $5 {Ein interessanter Versuch von Zviagintsev.} 9. h3 Nxd4 10. Bxd4 Bc5
11. Be2 (11. Bxc5 Qxc5 12. Qf3 h4 $1 (12... d6 $6 13. Qg3 g5 $6 14. Na4 $16 {
Golubev,M-Zviagintsev,V/Loosdorf/1993/INF58,(221)/}) 13. Rad1 d6 $13 {Golubev})
11... Qd6 12. Bxc5 Qxc5 13. Qd3 b5 14. Qg3 Bb7 $1 15. e5 (15. Qxg7 Ke7 16. Qg3
Rag8 $44 {Schwarz hat ausreichende Kompensation (Turm auf der halboffenen
g-Linie, schwache Punkte und Bauern g2 und e4, aktive schwarze Figuren) fuer
den geop- ferten Bauern.}) 15... h4 $1 {Nach dieser starken Zwischenzug
uebernimmt der Nachziehende die Initative.} 16. Qf4 (16. Qxg7 $2 Rg8 17. Qxf6
Rxg2+ 18. Kh1 Rxf2+ 19. Bf3 Bxf3+ $19) 16... Nh5 17. Bxh5 (17. Qxh4 Qxe5 18.
Rae1 Qf4 $1 19. Qxf4 Nxf4 20. f3 Rc8 $15) 17... Rxh5 18. Ne4 Bxe4 19. Qxe4 Rc8
{Weiss kann beide Bauern nicht verteidigen.} 20. Rad1 Qxe5 21. Qb7 Rc7 22. Qa8+
(22. Qxa6 Rxc2 $17) 22... Ke7 23. c3 (23. Qxa6 Rxc2 24. Qa3+ Qc5 $17) 23... Qc5
24. Rd4 (24. Qxa6 $4 Ra7 25. b4 Rxa6 26. bxc5 Rxc5 $19) 24... g6 25. Rfd1 Qc6
26. Qxc6 dxc6 27. c4 $5 {Wegen seiner aktiven Tuerme hat Weiss einige
Remischancen.} c5 28. Rd6 bxc4 29. Rxa6 Rd5 30. Rc1 Rb7 (30... Rd4 $5 31. Rc2 (
31. Ra4 c3 $1 32. b3 Rxa4 33. bxa4 c4 34. Rxc3 Kd6 35. Kf1 Kc5 $17) 31... g5 $5
$17) 31. Rc2 $1 (31. Rxc4 Rxb2 32. Rxh4 Rd1+ 33. Kh2 Rxf2 $19) 31... Rd1+ 32.
Kh2 Rb1 (32... Rd4 $5 33. Ra4 $6 c3 $1 34. b3 (34. Rxd4 Rxb2 $1 35. Rxb2 (35.
Rxc3 cxd4 $19) 35... cxb2 36. Rd1 c4 37. Rb1 c3 $19) 34... Rxa4 35. bxa4 Rb2
36. Rxc3 Rxa2 37. Rxc5 Rxf2 $17) 33. Rxc4 R1xb2 34. f3 Rc7 $6 (34... Rf2 $5 35.
Rxc5 (35. Rxh4 Rbb2 36. Rg4 Rxf3 $17) 35... Rbb2 36. Rg5 Rxf3 37. Ra4 Rff2 38.
Rxh4 Rxa2 $17) 35. Rxh4 c4 36. Ra4 $1 {Der einzige Zug.} (36. Re4 c3 37. Re1 c2
38. Rc1 Rb1 $19) 36... c3 37. Rhc4 Rbb7 $1 38. Rab4 $1 Ra7 (38... Kd8 $5 {
Die letzte Chance.} 39. Rxb7 Rxc4 40. Rb1 Kc7 41. Kg3 Kc6 42. Kf2 Ra4 $1 43.
Ra1 Kc5 44. Ke3 Kc4 45. h4 Ra5 $15) 39. Ra4 $1 Kf8 $2 40. Rxc3 $1 Rxa4 41. Rxc7
Rxa2 42. Kg3 e5 43. Rc5 Re2 44. Rc4 Kg7 45. Re4 Rxe4 46. fxe4 f5 47. exf5 gxf5
48. Kf3 Kf6 49. g4 fxg4+ 50. hxg4 Kg5 51. Ke4 Kxg4 52. Kxe5 1/2-1/2

[Event "Elgoibar 14th"]
[Site "Elgoibar"]
[Date "2004.12.18"]
[Round "8"]
[White "Perez Candelario, Manuel"]
[Black "Saldano Dayer, Horacio"]
[Result "1-0"]
[WhiteElo "2474"]
[BlackElo "2482"]
[Annotator "Ribli,Z"]
[PlyCount "113"]
[EventDate "2004.12.11"]
[EventType "tourn"]
[EventRounds "9"]
[EventCountry "ESP"]
[EventCategory "10"]
[SourceTitle "CBM 105"]
[Source "ChessBase"]
[SourceDate "2005.04.11"]
[SourceVersion "1"]
[SourceVersionDate "2005.04.11"]
[SourceQuality "1"]

1. e4 c5 2. Nc3 e6 3. Nf3 Nc6 4. d4 cxd4 5. Nxd4 Qc7 6. Be3 a6 7. Qd2 Nf6 8. f3
(8. O-O-O) 8... Bb4 (8... Ne5 $1 9. O-O-O b5 $13) 9. O-O-O Ne5 10. Nb3 b5 11.
Qe1 $5 {Weiß spielt gerne und erfolgreich diese Variante.} Nc4 (11... O-O $2
12. Nxb5 axb5 13. Qxb4 Rxa2 14. Kb1 $16) (11... Bxc3 12. Qxc3 Qxc3 13. bxc3 d5
14. Bd4 Ned7 15. exd5 exd5 16. Na5 $14) 12. Bd4 O-O (12... e5 13. Qg3 $1 O-O (
13... Nh5 14. Nd5 (14. Qg5 $18) 14... Qd8 (14... Nxg3 15. Nxc7+ Kd8 16. Nxa8
Nxh1 17. Bg1 $18) 15. Qg4 $18) 14. Bxc4 Bd6 (14... bxc4 15. Nd5 $18) 15. Bxf7+
$16 {Mit dieser kleiner Kombination hätte Weiß einen Bauern gewonnen.}) (12...
Bd6 13. Bxc4 (13. Kb1 $14) 13... bxc4 14. e5 (14. Nd2 $14) 14... cxb3 15. exd6
bxa2 (15... Qxd6 16. axb3 $14) 16. dxc7 a1=Q+ 17. Kd2 Qxb2 (17... Qa5 18. Qg3
$18) 18. Rb1 Qa3 19. Rb8 $18) 13. e5 (13. Nxb5 $2 Qf4+) (13. a3 Be7 (13... Bd6
14. Bxc4 bxc4 15. Nd2 $14) 14. e5 Ne8 15. Bd3 Bb7 $13) 13... Bxc3 14. Bxc3 Nd5
15. Bd4 a5 (15... d6 16. exd6 Qxd6 17. Kb1 (17. Qh4 $14) 17... Rd8 (17... Qf4)
18. Bd3 Bb7 19. Bxc4 bxc4 20. Na5 Qe7 21. Nxc4 $16 {1-0 Azarov,S-Teterev,V/
Minsk BLR 2004/[Ribli] (72)}) (15... Bb7 16. Kb1 (16. Bd3 $5) (16. Nc5 $5)
16... Rac8 17. Bd3 f6 18. Qh4 f5 19. Rhe1 $14 {1-0 Iordachescu,V-Goloshchapov,
A/Srbija i Crna Gora 88/157 2003/[Iordachescu,V] (60)}) 16. Nc5 (16. Nd2 a4 17.
a3 Nxd2 18. Qxd2 Rb8 19. Kb1 d6 20. Qg5 f6 21. exf6 Nxf6 22. Bc3 Nd5 23. Rxd5
exd5 24. Qxd5+ Qf7 25. Qd4 Rb7 26. Bd3 Bf5 {0-1 Medvegy,Z-Movsesian,S/
Bundesliga 2004/(43)}) 16... a4 17. a3 (17. Kb1) 17... f6 18. exf6 (18. Qg3
fxe5 19. Bxc4 Nf4 $15) 18... Nxf6 19. Bxc4 (19. Qg3 Qxg3 20. hxg3 $16) 19...
bxc4 20. Qg3 e5 21. Qxe5 d6 22. Qg3 {[%mdl 4] Vor wenigen Monaten spielte Weiß
in dieser Stellung 22.Qf4, wonach Schwarz relativ einfach das Gleichgewicht
halten konnte.} (22. Qf4 Qc6 23. Ne4 Nxe4 24. Qxe4 Qxe4 25. fxe4 Bb7 $11 {
[%csl Re4,Rg2][%cal Gb7g2] 1/2-1/2 Motylev,A-Movsesian,S/Izmir 2004/CBM 104/
[Ribli Zoltan] (35)}) 22... Nh5 $6 (22... c3 $5 {Mit diesem interessantem Zug
hätte Schwarz den gegnerischen Königsflügel schwächen können.}) 23. Qh4 dxc5 (
23... Nf4 24. Ne4 $14) 24. Qxh5 Bf5 (24... cxd4 25. Qd5+ Be6 26. Qxe6+ Kh8 27.
Rxd4 c3 28. Rc4 cxb2+ 29. Kxb2 $16) 25. Bc3 $16 {[%csl Gc3] Weiß hat einen
Bauern mehr, seine Verteidigung ist sicher und der Bc3 steht ausgezeichnet.}
Rab8 26. Qh4 {[%csl Ra4,Rc4,Rc5,Gh4][%cal Rh4c4] Die weiße Dame steht auf h4
sehr aktiv und die schwarzen Bauern am Damenflügel sind kaum zu halten.} Qf7
27. Rhe1 {[%csl Gc3,Gd1,Ge1,Gh4][%cal Re1e7][%mdl 2048] Weiß hat nur einen
Bauern mehr, aber alle seine Figuren stehen sehr aktiv; Schwarz kann hingegen
keinelei Aktivitäten entwickeln.} Rb7 (27... Rbe8 28. Rxe8 Rxe8 29. Rd8 $16)
28. Rd8 h6 29. Rxf8+ Qxf8 (29... Kxf8 30. Qd8+) 30. Qxc4+ Kh7 31. Qxa4 $18 {
Weiß hat schon drei Bauern mehr und besitzt eine Gewinnstellung.} Qd6 32. g4
Bg6 33. h4 (33. f4 $18) 33... c4 34. Qxc4 Rc7 35. Qe2 Rxc3 {Mit diesem
Qualitätsopfer möchte Schwarz im Trüben fischen. Er hat nichts zu verlieren.}
36. bxc3 Qxa3+ 37. Kd1 {Weiß muss den c3-Bauern hergeben, aufgrund des
Materialvorteils gewinnt er jedoch leicht.} (37. Kd2 Qd6+ 38. Kc1 (38. Ke3 Qe5+
39. Kf2 Qh2+) 38... Qa3+ 39. Kd1) 37... Qxc3 38. Rf1 Qa1+ 39. Kd2 Qa5+ 40. c3
Qd8+ (40... Qa2+ 41. Ke1 $18 (41. Ke3 Qa7+)) 41. Kc1 Qxh4 42. Rd1 Qf6 43. Qe3
Qa6 44. Kd2 Qd6+ (44... Qa2+ 45. Ke1 $18) 45. Qd4 Qh2+ 46. Ke3 {[%csl Ge3] Auf
e3 steht der weiße König sicher; denn Schwarz hat keine Schachgebote mehr} Bc2
47. Rc1 (47. Rd2 Qg1+ 48. Kf4 $18) 47... Bg6 48. c4 Qa2 49. c5 {[%csl Gc5] Der
c-Bauer entscheidet die Partie.} Qe6+ 50. Kf2 Qa2+ 51. Kg3 Qa7 52. Qe5 Qa5 53.
Rd1 Qb5 54. Re1 Qc4 55. Ra1 Qf7 56. Ra6 Qb7 57. Rxg6 $1 (57. Rxg6 $1 Kxg6 58.
Qf5#) 1-0